Music Quiz

Random Music or Clickable Quiz

Musical Terminology Click II Quiz Stats

Quiz Updated May 29, 2016

Challenge
Share
Tweet
Embed
Score 0/20 Timer 05:00
0 Plays Today
% Correct
A Cappella
92.8%
Crescendo
89.3%
Grandioso
86.2%
Forte
82.6%
Moderato
81.6%
Pizzicato
81.1%
Tranquillo
80.9%
Grazioso
80.4%
Poco
80.3%
Coda
75.7%
% Correct
Allegro
75%
Intermezzo
73.9%
Marziale
71.2%
Tutti
65.9%
Largo
65.6%
Tremolo
64.7%
Morendo
56.8%
Subito
54.3%
Ostinato
45.1%
Scherzando
43.7%

You're not logged in!

Compare scores with friends on all Sporcle quizzes.
Join for Free
OR
Log In

You Might Also Like...

Show Comments

Extras

Top Quizzes Today


Score Distribution

Your Account Isn't Verified!

In order to create a playlist on Sporcle, you need to verify the email address you used during registration. Go to your Sporcle Settings to finish the process.

Report this User

Report this user for behavior that violates our Community Guidelines.

Details: